Horacio y los poetas de su tiempo /

Guardado en:
Autor Principal: Vaccaro, Alberto J.
Formato: Libro
Publicado: Bahía Blanca : Cuadernos del Sur : Instituto De Humanidades : Universidad Nacional del Sur, 1960.
Series:Serie Cuadernos del Sur. Monografías
Materias:
Etiquetas: Agregar Etiqueta
Sin Etiquetas, Sea el primero en etiquetar este registro!
LEADER 00872nam a22002055a 4500
001 EHU.bham010331
008 130507s1960####ag############000#0#####d
005 20240729110656.0
245 1 0 |a Horacio y los poetas de su tiempo /  |c Alberto J. Vaccaro 
260 |a Bahía Blanca :  |b Cuadernos del Sur :  |b Instituto De Humanidades :  |b Universidad Nacional del Sur,  |c 1960. 
300 |a 15 p. 
490 1 |a Serie Cuadernos del Sur. Monografías 
100 1 |a Vaccaro, Alberto J. 
082 8 7 |a 874.07 V133 
600 1 7 |a Horacio Flaco, Quinto. 
653 |a Poesía latina lírica-ensayos 
859 |a AR-BHAM  |b BIB. HUMANIDADES - General  |h 874.07  |i V133  |p 259.65  |t Ej.1 
859 |a AR-BHAM  |b BIB. HUMANIDADES - General  |h 874.07  |i V133  |p 35.66  |t Ej.1 
859 |a AR-BHAM  |b BIB. HUMANIDADES - General  |h 874.07  |i V133  |p 62.66  |t Ej.1 
859 |a AR-BHAM  |b BIB. HUMANIDADES - General  |h 874.07  |i V133  |p 99231.68  |t Ej.1